A Nutritional Treat for a Healthy Living (Record no. 176762)

MARC details
000 -LEADER
fixed length control field 00501nam a2200205Ia 4500
008 - FIXED-LENGTH DATA ELEMENTS--GENERAL INFORMATION
fixed length control field 240823s9999||||xx |||||||||||||| ||und||
020 ## - INTERNATIONAL STANDARD BOOK NUMBER
International Standard Book Number 81-7286-525-2
082 ## - DEWEY DECIMAL CLASSIFICATION NUMBER
-- 641.302 P7
100 ## - MAIN ENTRY--PERSONAL NAME
Personal name Shashi Raghunath
245 #2 - TITLE STATEMENT
Title A Nutritional Treat for a Healthy Living
250 ## - EDITION STATEMENT
Edition statement 1st
260 ## - PUBLICATION, DISTRIBUTION, ETC. (IMPRINT)
Date of publication, distribution, etc 2007
Name of publisher, distributor, etc "Prism Books,Ban"
500 ## - GENERAL NOTE
General note YES
650 ## - SUBJECT ADDED ENTRY--TOPICAL TERM
Topical term or geographic name as entry element Food
700 ## - ADDED ENTRY--PERSONAL NAME
Personal name Lakshmi Ananthanarayanan
942 ## - ADDED ENTRY ELEMENTS (KOHA)
Item type Books
Holdings
Withdrawn status Lost status Damaged status Permanent location Current location Shelving location Date acquired Source of acquisition Cost, normal purchase price Full call number Barcode Date last seen Koha item type
      CENTRAL LIBRARY, NOORUL ISLAM CENTRE FOR HIGHER EDUCATION CENTRAL LIBRARY, NOORUL ISLAM CENTRE FOR HIGHER EDUCATION   03/05/2007 Sudarsan Books 199.00 641.302 P7 30351 08/23/2024 Books
Visitors:
Copyright © 2024 Central Library NICHE.  All rights reserved.